[Event "HUN-chT2 Breyer 0203"]
[Site "Hungary"]
[Date "2003.01.19"]
[Round "5"]
[White "Pinter, Alexandra"]
[Black "Uzsonyik, Istvan"]
[Result "0-1"]
[WhiteElo "1580"]
[BlackElo "1758"]
[PlyCount "86"]
[EventDate "2002.09.22"]
[EventType "team"]
[EventRounds "11"]
[EventCountry "HUN"]
[SourceTitle "EXT 2009"]
[Source "ChessBase"]
[SourceDate "2008.11.26"]
[SourceVersion "1"]
[SourceVersionDate "2008.11.26"]
[SourceQuality "1"]

1. e4 c5 2. f4 d6 3. Nf3 Nc6 4. d4 cxd4 5. Nxd4 Bd7 6. Nc3 a6 7. Be2 b5 8. a3 e6 9. 0-0 Nge7 10. Bf3 Nxd4 11. Qxd4 Nc6 12. Qd3 Be7 13. Qe2 Nd4 14. Qf2 Nxf3+ 15. Qxf3 0-0 16. e5 dxe5 17. fxe5 f5 18. Qh5 Be8 19. Qh3 Rc8 20. Rf3 Rc4 21. Bf4 g5 22. Rd1 Qb6+ 23. Be3 Qc7 24. Bd4 f4 25. Qxe6+ Bf7 26. Qxa6 Rxd4 27. Rxd4 Bc5 28. Nxb5 Qxe5 29. Qa4 Qe1+ 30. Rf1 Qe3+ 31. Kh1 Bxd4 32. Nxd4 Bd5 33. Qb4 Re8 34. Nf3 Bxf3 35. gxf3 Qe2 36. Qb3+ Kg7 37. Kg1 Re3 38. Qb7+ Kh6 39. Rf2 Qd1+ 40. Kg2 Re1 41. Qc6+ Kh5 42. Qc7 Rg1+ 43. Kh3 g4+ 0-1